Lý thuyết dẻo và từ biến /

Tóm tắt vài kết quả của lý thuyết đàn hồi; Tính toán cấu kiện chịu trạng thái ứng suất đơn ngoài giới hạn đàn hồi; Các lý thuyết dẻo...

Đã lưu trong:
Chi tiết về thư mục
Tác giả chính: Phan Kỳ Phùng.
Tác giả khác: Đặng Việt Cương.
Định dạng: Sách
Ngôn ngữ:Vietnamese
Được phát hành: Hà Nội : Giáo dục, 1997.
Những chủ đề:
Các nhãn: Thêm thẻ
Không có thẻ, Là người đầu tiên thẻ bản ghi này!
Thư viện lưu trữ: Mạng thư viện Đại học Đà Nẵng
LEADER 01111cam a2200361 i 4500
001 000044355
003 2725
005 20031231182844.0
008 010315b1997 vm 000 vie
020 |c 14500 
040 |a IRC  |c IRC  |d IRC 
041 0 |a vie 
082 1 4 |a 531.38  |b PH-P 
100 1 |a Phan Kỳ Phùng. 
245 0 0 |a Lý thuyết dẻo và từ biến /  |c Phan Kỳ Phùng chủ biên, Đặng Việt Cương. 
260 |a Hà Nội :  |b Giáo dục,  |c 1997. 
300 |a 134tr. ;  |c 27cm. 
520 3 |a Tóm tắt vài kết quả của lý thuyết đàn hồi; Tính toán cấu kiện chịu trạng thái ứng suất đơn ngoài giới hạn đàn hồi; Các lý thuyết dẻo... 
630 0 4 |a Cơ học. 
630 0 4 |a Dẻo. 
630 0 4 |a Từ biến. 
650 0 4 |a Dẻo và từ biến  |x Lý thuyết. 
700 1 |a Đặng Việt Cương. 
OWN |a DUT 
999 |a From the UDN01 
TYP |a Monograph 
TYP |a Printed language 
980 |a Mạng thư viện Đại học Đà Nẵng